00871nam a2200229 a 4500999001500000001000500015003000900020005001700029008004100046040003800087082002000125245009400145260006900239300002400308504004100332650001800373650003100391700003700422710005200459942001200511952011800523 c1286d12868898BD-DhUAP20200204164302.0200204s1995 bg b 000 0 eng  aBD-DhUAPcBD-DhUAPbEngdBD-DhUAP00a341.481 HUM22300aHuman rights in contemporary international law /cedited by A.B.M. Mafizul Islam Patwari. aDhaka :bHumanist and Ethical Association of Bangladesh,cc1995. a324 pages ;c22 cm. aIncludes bibliographical references. 0aHuman rights. 0aCivil rights (Islamic law)1 aPatwari, A. B. M. Mafizul Islam.2 aHumanist and Ethical Association of Bangladesh. 2ddccBK 00102ddc4070aUAPCLbUAPCLcGeneral Stacksd2020-02-04o341.481 HUMp3010008898r2020-02-04t1w2020-02-04yBK